[Event "73rd Tata Steel GMA"]
[Site "Wijk aan Zee NED"]
[Date "2011.01.22"]
[Round "7"]
[White "Kramnik, Vladimir"]
[Black "Giri, Anish"]
[Result "1-0"]
[WhiteTitle "GM"]
[BlackTitle "GM"]
[WhiteElo "2784"]
[BlackElo "2686"]
[WhiteFideId "4101588"]
[BlackFideId "24116068"]
[Annotator "Michiel Abeln"]
[EventDate "2011.01.14"]

1. d4 Nf6 2. c4 g6 3. Nc3 d5 4. cxd5 Nxd5 5. e4 Nxc3 6. bxc3 Bg7 7. Qa4+ Qd7 8.
Qb3 O-O 9. Be3 (9. Nf3 b6 10. Be3 Bb7 11. Bd3 Nc6 12. Rd1 Na5 13. Qb1 c5 14.
O-O cxd4 15. cxd4 Rac8 16. d5 Nc4 17. Bd4 Bxd4 18. Nxd4 e5 19. Nf3 f6 20. Bxc4
Rxc4 21. Rc1 Rfc8 22. Nd2 R4c5 23. Rxc5 Rxc5 24. Rc1 Qc7 25. Rxc5 Qxc5 26. h3
Ba6 27. Nf1 Qb5 28. Qa1 Qxf1+ 29. Qxf1 Bxf1 30. Kxf1 b5 31. Ke2 a5 32. g4 {1/
2-1/2 Sokolov,I (2641)-Cheparinov,I (2661)/Khanty Mansiysk 2010/CBM 139}) 9...
c5 10. d5 $146 (10. Rd1 cxd4 11. cxd4 Nc6 12. Nf3 Qd6 13. a3 Bg4 14. e5 Qd7 15.
Be2 Na5 16. Qb4 b6 17. O-O Rac8 18. d5 Bxf3 19. e6 fxe6 20. Bxf3 exd5 21. Rxd5
Qe6 22. Rfd1 Nc6 23. Qg4 Qxg4 24. Bxg4 Rc7 25. Rc1 Bb2 26. Rc2 Bxa3 27. Rd3 Bc5
28. Bxc5 Nd8 29. Rcd2 Rxc5 30. Rxd8 Rc1+ 31. Rd1 Rxd1+ 32. Rxd1 a5 33. Bd7 Rb8
34. Rb1 Kf7 35. Kf1 Kf6 36. Ke2 Ke5 37. Ke3 Kd6 38. Ba4 Kc5 39. Rb5+ Kc4 {
Jorczik,J (2381)-Strache,M (2218)/Saarbruecken 2009/CBM 128 Extra/1-0}) 10...
e6 11. Bc4 exd5 12. Bxd5 Qc7 (12... Qg4 13. h3 c4 (13... Qxg2 14. e5) 14. hxg4
cxb3 15. Ne2 bxa2 16. Rxa2 Nc6 17. f3) 13. Ne2 Nd7 14. Bf4 Ne5 (14... Be5 15.
Bh6 Bg7 16. Bxg7 Kxg7 17. O-O Nb6) 15. O-O c4 ({Safer was} 15... Rb8 16. h3 Bd7
) 16. Qb4 Re8 17. Bg3 (17. Rab1 a6 18. h3 Bf8 19. Qb2 Bd6) 17... Rb8 {a
blunder but it's not easy for black to move his pieces anyway} (17... Bf8 18.
Qb5 Qd7 19. Nd4 a6 20. Qxd7 Nxd7 21. Bxc4 Rxe4) 18. Qxc4 Qxc4 19. Bxc4 Bd7 20.
Rfd1 Nxc4 21. Bxb8 Ba4 22. Bxa7 Bxd1 23. Rxd1 Rxe4 24. Rd8+ Bf8 25. Bc5 Rxe2
26. g4 Rxa2 (26... Kg7 27. Bxf8+ Kf6 28. a3 Rc2 29. Bb4) 27. g5 Ne5 (27... b6
28. Bxf8 f5 29. gxf6 Kf7 30. Bg7 g5 31. Rd7+ Kg6) 28. Bxf8 f6 29. Be7+ Kf7 30.
Bxf6 Ra5 31. Kg2 Ng4 32. Rd7+ Ke6 33. Re7+ Kf5 34. Bd4 Kxg5 35. Rxh7 Ne5 36.
Rxb7 Nc4 37. Rc7 Nd6 38. Be3+ Kf5 39. Kf3 Ra4 40. Bd4 Ke6 41. Rg7 Kf5 42. Ra7
Rxa7 43. Bxa7 Nc4 44. Bb8 Nb2 45. Bg3 Nc4 46. h3 g5 47. Ke2 Ke4 48. f3+ Kd5 49.
Bc7 Ke6 50. Kd3 Kd5 51. f4 gxf4 52. Bxf4 Nb2+ 53. Kc2 Nc4 54. h4 Ke4 55. Bc1
Ne5 56. h5 Nd7 57. h6 Nf6 58. c4 Nh7 59. Kb3 1-0

[Event "73rd Tata Steel GMA"]
[Site "Wijk aan Zee NED"]
[Date "2011.01.22"]
[Round "7"]
[White "Grischuk, Alexander"]
[Black "Aronian, Levon"]
[Result "0-1"]
[WhiteTitle "GM"]
[BlackTitle "GM"]
[WhiteElo "2773"]
[BlackElo "2805"]
[WhiteFideId "4126025"]
[BlackFideId "13300474"]
[Annotator "Michiel Abeln"]
[EventDate "2011.01.14"]

1. e4 e5 2. Nf3 Nc6 3. Bb5 a6 4. Ba4 Nf6 5. O-O Be7 6. Bxc6 dxc6 7. Nc3 Nd7 8.
d4 exd4 9. Nxd4 O-O 10. Qe2 Bd6 $146 (10... Ne5 11. Be3 Bd6 12. Rad1 Qh4 13. h3
Re8 14. f4 Ng6 15. e5 Bc5 16. Qf3 Qe7 17. Ne4 Bxd4 18. Bxd4 f5 19. Ng3 Be6 20.
b3 Rad8 21. c4 Rd7 22. Rd2 Red8 23. Rfd1 a5 24. Ne2 c5 25. Be3 Rxd2 26. Rxd2
Rxd2 27. Bxd2 b6 28. Qd3 Qd7 29. Qxd7 Bxd7 30. Nc3 Bc6 31. Kf2 Kf7 32. g3 Ke6
33. Be3 {1/2-1/2 Ivanchuk,V (2787)-Leko,P (2755)/Mukachevo 2007/CBM 121}) 11.
Be3 Nf6 12. f4 ({White can also play with a very different structure:} 12. f3)
12... Ng4 13. Rad1 Nxe3 14. Qxe3 f6 15. Nce2 Qe7 16. Kh1 Re8 17. Ng3 Qf7 18. b3
Bg4 19. Rde1 Bd7 20. Nf3 Rad8 21. e5 fxe5 {Maybe black should not have taken
here, white had now the chance to go for some very complex lines} (21... Qd5
22. Ne4 Bf5 23. Nxd6 cxd6 24. Qb6 Bxc2 25. exf6 gxf6 26. Qxb7) (21... Bc8) 22.
fxe5 ({The critical move was} 22. Ng5 Qd5 (22... Qxf4 23. Rxf4 exf4 24. Qc3
Rxe1+ 25. Qxe1 fxg3 26. Qe4 g6 27. Qh4 h5 28. Qc4+) 23. f5 Rf8 24. f6 Rxf6 25.
Rxf6 gxf6 26. Nh5 Be7 27. c4 Qa5 28. Ne4 Bf5 29. Nexf6+ Kf7 30. Nd5 cxd5 31.
Qxe5 Qxe1+ 32. Qxe1) 22... Qg6 23. Qa7 {This move is probably a bit too
ambitious} Bb4 24. Rd1 Bc8 25. Qf2 Rxd1 26. Rxd1 Rf8 27. Qe2 Be7 28. Rf1 h6 29.
Nd4 c5 30. Rxf8+ Bxf8 31. Nf3 Be6 32. Nf1 b5 33. c4 bxc4 34. bxc4 Qb1 35. h3
Qc1 36. N3d2 Be7 37. Kh2 Bg5 38. g3 Qc2 39. a3 Qf5 40. g4 Bf4+ 41. Kg2 Qxe5 42.
Qxe5 Bxe5 43. Ne3 Bb2 44. Nb1 Kf7 45. Kf3 Kf6 46. Ke4 Kg5 47. Nd5 Bxd5+ 48.
cxd5 Kh4 49. Nd2 Bxa3 0-1

[Event "73rd Tata Steel GMB"]
[Site "Wijk aan Zee NED"]
[Date "2011.01.22"]
[Round "7"]
[White "Sargissian, Gabriel"]
[Black "Nijboer, Friso"]
[Result "1-0"]
[WhiteTitle "GM"]
[BlackTitle "GM"]
[WhiteElo "2667"]
[BlackElo "2584"]
[WhiteFideId "13300881"]
[BlackFideId "1000063"]
[EventDate "2011.01.14"]

1. d4 Nf6 2. c4 g6 3. Nc3 Bg7 4. e4 d6 5. Nf3 O-O 6. Be2 e5 7. O-O Nc6 8. d5 Ne7
9. Ne1 Nd7 10. Nd3 f5 11. Bd2 fxe4 12. Nxe4 Nf6 13. Bf3 Nf5 14. Bc3 Nd4 15.
Nxf6+ Qxf6 16. Be4 Qh4 17. Re1 Bd7 18. b4 Rae8 19. a4 c6 20. dxc6 bxc6 21. b5 c5
22. a5 Kh8 23. f3 Bh6 24. a6 Be6 25. Ra4 Rb8 26. Bb7 Qe7 27. Nf2 Bf4 28. Ne4 Bf5
29. Ra2 Be6 30. Qd3 Kg8 31. Bxd4 cxd4 32. Rb1 Qc7 33. Rc2 Kg7 34. Bd5 Bf5 35.
Re2 h5 36. Qa3 Rb6 37. Rbe1 h4 38. Nf2 Qd8 39. Nd3 Be3+ 40. Rxe3 dxe3 41. Rxe3
Qc7 42. Nf2 Rc8 43. Ne4 h3 44. gxh3 Qe7 45. Qb2 Qh4 46. Qf2 Qf4 47. Re1 Bxh3 48.
Qg3 Bf5 49. Qxf4 exf4 50. Nc3 Kf8 51. Ne2 Bd3 52. Nd4 Rxc4 53. Ne6+ Ke7 54.
Nxf4+ Kf6 55. Nxd3 Rd4 56. Bc6 Rxd3 57. Re8 Rc3 58. Ra8 Rxa6 59. bxa6 Rxc6 60.
Rxa7 d5 61. Ra8 Kg7 62. a7 Ra6 63. h4 d4 64. Kf2 Ra2+ 65. Kf1 d3 66. Ke1 Kh7 67.
Kd1 Kg7 68. f4 Kh7 69. h5 gxh5 70. f5 1-0

[Event "73rd Tata Steel GMB"]
[Site "Wijk aan Zee NED"]
[Date "2011.01.22"]
[Round "7"]
[White "Ganguly, Surya Shekhar"]
[Black "Spoelman, Wouter"]
[Result "1-0"]
[WhiteTitle "GM"]
[BlackTitle "GM"]
[WhiteElo "2651"]
[BlackElo "2547"]
[WhiteFideId "5002150"]
[BlackFideId "1010891"]
[EventDate "2011.01.14"]

1. e4 c5 2. Nf3 d6 3. d4 cxd4 4. Nxd4 Nf6 5. Nc3 a6 6. Bg5 Nbd7 7. f4 e5 8. Nf5
Qb6 9. Qd2 Qxb2 10. Rb1 Qa3 11. Be2 h6 12. Bh4 exf4 13. Bf2 Nc5 14. O-O Bxf5 15.
exf5 Be7 16. Bd4 O-O 17. Rf3 Qa5 18. Qxf4 Rae8 19. Rg3 Kh7 20. a4 Bd8 21. Qxd6
Nxa4 22. Ne4 Be7 23. Bxf6 Bxd6 24. Rxg7+ Kh8 25. Ng5 Bxh2+ 26. Kh1 1-0

[Event "73rd Tata Steel GMB"]
[Site "Wijk aan Zee NED"]
[Date "2011.01.22"]
[Round "7"]
[White "Hammer, Jon Ludvig"]
[Black "Tkachiev, Vladislav"]
[Result "0-1"]
[WhiteTitle "GM"]
[BlackTitle "GM"]
[WhiteElo "2647"]
[BlackElo "2636"]
[WhiteFideId "1503707"]
[BlackFideId "618438"]
[EventDate "2011.01.14"]

1. d4 d5 2. c4 e6 3. Nf3 Nf6 4. g3 Bb4+ 5. Bd2 Be7 6. Bg2 c6 7. Qc2 O-O 8. O-O
b6 9. Rd1 Nbd7 10. Bf4 Bb7 11. Ne5 Nh5 12. Bc1 Nhf6 13. Nc3 Rc8 14. e4 dxc4 15.
Nxc4 b5 16. Ne3 Qb6 17. b3 Rfe8 18. e5 Nd5 19. Ncxd5 cxd5 20. Qd3 f6 21. exf6
Nxf6 22. Bb2 b4 23. f3 Ba6 24. Qd2 Bb5 25. Re1 a5 26. a4 bxa3 27. Bxa3 Bxa3 28.
Rxa3 e5 29. Qxa5 Qxa5 30. Rxa5 exd4 31. Rxb5 dxe3 32. Rb4 Rc2 33. Bf1 Rd2 34.
Rb7 e2 35. Bh3 d4 36. Rb6 d3 37. Rd6 Rd1 38. Kf2 Ra8 0-1

[Event "73rd Tata Steel GMB"]
[Site "Wijk aan Zee NED"]
[Date "2011.01.22"]
[Round "7"]
[White "So, Wesley"]
[Black "Navara, David"]
[Result "1-0"]
[WhiteTitle "GM"]
[BlackTitle "GM"]
[WhiteElo "2673"]
[BlackElo "2708"]
[WhiteFideId "5202213"]
[BlackFideId "309095"]
[EventDate "2011.01.14"]

1. d4 Nf6 2. c4 g6 3. Nf3 Bg7 4. g3 d5 5. cxd5 Nxd5 6. Bg2 Nb6 7. Nc3 Nc6 8. e3
O-O 9. O-O Re8 10. Re1 a5 11. Qe2 a4 12. Rd1 Be6 13. d5 Nxd5 14. Nb5 Qc8 15. Ng5
Rd8 16. Nxe6 fxe6 17. Rb1 Kh8 18. Bh3 Nf6 19. Bd2 Ra6 20. Bc3 Rd5 21. Rxd5 Nxd5
22. Bxg7+ Kxg7 23. Qc4 Nf6 24. Rd1 Kf7 25. Qf4 Rb6 26. Qxa4 Ne5 27. Nd4 c5 28.
Qc2 Rd6 29. f4 Neg4 30. Re1 b6 31. Nf3 Qd7 32. Bxg4 Nxg4 33. h3 Nxe3 34. Rxe3 1-0

[Event "73rd Tata Steel GMB"]
[Site "Wijk aan Zee NED"]
[Date "2011.01.22"]
[Round "7"]
[White "Efimenko, Zahar"]
[Black "Li, Chao b"]
[Result "1/2-1/2"]
[WhiteTitle "GM"]
[BlackTitle "GM"]
[WhiteElo "2701"]
[BlackElo "2649"]
[WhiteFideId "14107201"]
[BlackFideId "8604436"]
[EventDate "2011.01.14"]

1. e4 e5 2. Nf3 Nf6 3. Nxe5 d6 4. Nf3 Nxe4 5. d4 d5 6. Bd3 Nc6 7. O-O Be7 8. Nc3
Nxc3 9. bxc3 Bg4 10. Rb1 Rb8 11. Re1 O-O 12. h3 Bh5 13. Bf5 Bg6 14. Qd3 a6 15.
Bxg6 hxg6 16. c4 dxc4 17. Qxc4 Bf6 18. Bf4 Nxd4 19. Nxd4 Qxd4 20. Qxd4 Bxd4 21.
Bxc7 Rbe8 22. Red1 Bc5 23. Rd5 b6 24. Bxb6 Bxb6 25. Rxb6 Re1+ 26. Kh2 Re2 27.
Kg3 Rc8 28. Rd3 a5 29. Rb5 Rcxc2 30. Rf3 Rb2 1/2-1/2

[Event "73rd Tata Steel GMB"]
[Site "Wijk aan Zee NED"]
[Date "2011.01.22"]
[Round "7"]
[White "Le, Quang Liem"]
[Black "McShane, Luke J"]
[Result "1-0"]
[WhiteTitle "GM"]
[BlackTitle "GM"]
[WhiteElo "2664"]
[BlackElo "2664"]
[WhiteFideId "12401137"]
[BlackFideId "404853"]
[EventDate "2011.01.14"]

1. d4 Nf6 2. c4 g6 3. Nc3 Bg7 4. e4 d6 5. Nf3 O-O 6. Be2 e5 7. O-O Na6 8. Be3
Qe8 9. dxe5 Ng4 10. Bc1 Nxe5 11. Nd4 Nc5 12. Be3 Nc6 13. Ndb5 Ne6 14. Nd5 Qd8
15. Qd2 f5 16. exf5 Rxf5 17. Rae1 Rf7 18. f4 a6 19. Nbc3 Ncd4 20. Bf3 c6 21. Nb4
c5 22. Nbd5 Nxf3+ 23. Rxf3 Nd4 24. Rff1 b5 25. b3 Bf5 26. Bf2 bxc4 27. bxc4 Rb8
28. Kh1 h6 29. h3 Kh7 30. Ne4 Rfb7 31. Qd3 Kh8 32. g4 Be6 33. f5 gxf5 34. gxf5
Nxf5 35. Nxc5 Bxd5+ 36. cxd5 dxc5 37. Qxf5 Rd7 38. Bh4 Qc8 39. Bf6 Rf7 40. Bxg7+
Rxg7 41. Re6 Kg8 42. Qh5 Qc7 43. Rxh6 Rh7 44. Rxh7 Qxh7 45. Rg1+ Kh8 46. Qe5+ 1-0

[Event "73rd Tata Steel GMB"]
[Site "Wijk aan Zee NED"]
[Date "2011.01.22"]
[Round "7"]
[White "Wojtaszek, Radoslaw"]
[Black "Fressinet, Laurent"]
[Result "1-0"]
[WhiteTitle "GM"]
[BlackTitle "GM"]
[WhiteElo "2726"]
[BlackElo "2707"]
[WhiteFideId "1118358"]
[BlackFideId "608742"]
[EventDate "2011.01.14"]

1. d4 d5 2. c4 e6 3. Nc3 Be7 4. cxd5 exd5 5. Bf4 Nf6 6. e3 O-O 7. Bd3 c5 8. Nge2
Nc6 9. O-O Bg4 10. dxc5 Bxc5 11. h3 Bxe2 12. Nxe2 Bd6 13. Qb3 Bxf4 14. Nxf4 Qd6
15. Rfd1 Rfd8 16. Rac1 Qb4 17. Qxb4 Nxb4 18. a3 Nxd3 19. Rxd3 Rd7 20. g4 h6 21.
f3 Rad8 22. Rcd1 g6 23. Kf2 Kg7 24. h4 g5 25. hxg5 hxg5 26. Ne2 Ng8 27. Nd4 Ne7
28. Kg3 Rh8 29. f4 Kg6 30. Nf3 gxf4+ 31. exf4 f6 32. f5+ Kf7 33. Re1 Rc7 34. Nd4
a6 35. Rde3 Nc6 36. Nf3 Re7 37. g5 fxg5 38. Kg4 Rhe8 39. Rxe7+ Rxe7 40. Rh1 d4
41. Nxg5+ Kf6 42. Kf4 d3 43. Ne4+ Kf7 44. Rh3 d2 45. Rd3 1-0

[Event "73rd Tata Steel GMC"]
[Site "Wijk aan Zee NED"]
[Date "2011.01.22"]
[Round "7"]
[White "Swiercz, Dariusz"]
[Black "Ivanisevic, Ivan"]
[Result "1/2-1/2"]
[WhiteTitle "GM"]
[BlackTitle "GM"]
[WhiteElo "2540"]
[BlackElo "2630"]
[WhiteFideId "1126881"]
[BlackFideId "912417"]
[EventDate "2011.01.14"]

1. e4 e5 2. Nf3 Nc6 3. Bb5 Nge7 4. O-O g6 5. c3 a6 6. Ba4 Bg7 7. d4 b5 8. Bb3
exd4 9. cxd4 O-O 10. Nc3 d6 11. h3 Na5 12. Bg5 h6 13. Bh4 Nxb3 14. Qxb3 g5 15.
Bg3 Kh8 16. e5 Nf5 17. Bh2 Bb7 18. d5 c5 19. exd6 Nxd6 20. Rfe1 Nf5 21. Be5 f6
22. Bh2 Nd4 23. Qd1 b4 24. Na4 Qxd5 25. Nxc5 Nxf3+ 26. Qxf3 Qxf3 27. gxf3 Bxf3
28. Ne6 Rfe8 29. Nc7 Rxe1+ 30. Rxe1 Rd8 31. Re8+ Rxe8 32. Nxe8 Bf8 33. Nxf6 Kg7
34. Nd7 Be7 35. Bc7 Bb7 36. Bb6 Bc8 37. Bc5 Bd8 38. Ne5 a5 39. Kg2 Bb7+ 40. f3
Bc7 41. Bd4 Kf6 42. Nd3+ Kf5 43. a3 bxa3 44. bxa3 Ba6 45. Nc5 Bc4 46. Bc3 Bd5
47. Nd3 h5 48. Nf2 Bc6 49. Bd2 Bd8 50. Nd1 a4 51. Ne3+ Ke5 52. Nc2 g4 53. hxg4
hxg4 54. Bc3+ Kd6 55. Bb4+ Kd7 56. Nd4 Bb7 57. Kg3 Bb6 58. Bc3 gxf3 59. Nxf3 Ke6
60. Kf4 Kd5 61. Bb4 Kc4 62. Ne5+ Kd4 63. Nf3+ Kd3 64. Ne5+ Ke2 65. Nd7 Bc7+ 66.
Kg5 Bd8+ 67. Kf4 Bc7+ 68. Kg5 Bd8+ 1/2-1/2

[Event "73rd Tata Steel GMC"]
[Site "Wijk aan Zee NED"]
[Date "2011.01.22"]
[Round "7"]
[White "Van Kampen, Robin"]
[Black "Van Der Werf, Mark"]
[Result "1-0"]
[WhiteTitle "IM"]
[BlackTitle "IM"]
[WhiteElo "2443"]
[BlackElo "2439"]
[WhiteFideId "1020854"]
[BlackFideId "1000470"]
[EventDate "2011.01.14"]

1. e4 e5 2. Nf3 Nc6 3. Bb5 a6 4. Ba4 Nf6 5. O-O Be7 6. Re1 b5 7. Bb3 d6 8. c3
O-O 9. d4 Bg4 10. Be3 exd4 11. cxd4 Na5 12. Bc2 Nc4 13. Bc1 c5 14. b3 Nb6 15.
Bb2 Nfd7 16. Nbd2 Rc8 17. Qb1 c4 18. bxc4 Nxc4 19. Nxc4 bxc4 20. Bc3 Bxf3 21.
gxf3 Bg5 22. Kh1 Rb8 23. Qd1 Bf4 24. Rg1 Qf6 25. Qe2 Rfc8 26. Rg2 Qh6 27. Rag1
Kh8 28. Rd1 Nf8 29. Ba4 Ng6 30. Rg3 Rc7 31. Kg1 Qh5 32. Rf1 d5 33. exd5 Bxg3 34.
hxg3 Qxd5 35. Qe4 Ne7 36. Re1 Qxe4 37. fxe4 f6 38. d5 Nc8 39. f4 Nd6 40. e5 fxe5
41. fxe5 Nb5 42. d6 Rd7 43. Bxb5 axb5 44. Bb4 Rdd8 45. e6 Rb7 46. e7 Re8 47. Rf1 1-0

[Event "73rd Tata Steel GMC"]
[Site "Wijk aan Zee NED"]
[Date "2011.01.22"]
[Round "7"]
[White "Vocaturo, Daniele"]
[Black "Pruijssers, Roeland"]
[Result "1-0"]
[WhiteTitle "GM"]
[BlackTitle "IM"]
[WhiteElo "2570"]
[BlackElo "2484"]
[WhiteFideId "813192"]
[BlackFideId "1013068"]
[EventDate "2011.01.14"]

1. e4 e5 2. Nf3 Nc6 3. Bc4 Bc5 4. c3 Nf6 5. d3 a6 6. Bb3 O-O 7. h3 Ba7 8. Bg5 d6
9. Nbd2 Ne7 10. Bxf6 gxf6 11. Nh4 Kh8 12. Qf3 Ng6 13. Nf5 Bxf5 14. exf5 Ne7 15.
Ne4 Ng8 16. Ng3 Ne7 17. Nh5 Qd7 18. g4 Qc6 19. Qxc6 bxc6 20. Nxf6 Kg7 21. Nh5+
Kh6 22. Bd1 Nd5 23. h4 f6 24. Rg1 Rg8 25. Kf1 Rab8 26. Bb3 Rgf8 27. Re1 Nf4 28.
Nxf4 exf4 29. Re7 1-0

[Event "73rd Tata Steel GMC"]
[Site "Wijk aan Zee NED"]
[Date "2011.01.22"]
[Round "7"]
[White "Nyzhnyk, Illya"]
[Black "Siebrecht, Sebastian"]
[Result "1-0"]
[WhiteTitle "IM"]
[BlackTitle "GM"]
[WhiteElo "2530"]
[BlackElo "2439"]
[WhiteFideId "14118084"]
[BlackFideId "4609352"]
[EventDate "2011.01.14"]

1. d4 Nf6 2. c4 c5 3. d5 b5 4. cxb5 a6 5. f3 e6 6. e4 exd5 7. e5 Qe7 8. Qe2 Ng8
9. Nc3 Bb7 10. Nh3 c4 11. Nf4 Qc5 12. Nfxd5 Bxd5 13. Be3 Qb4 14. a3 Qa5 15. Bd2
Be6 16. Nd5 Qa4 17. Nc7+ Kd8 18. Nxa8 axb5 19. Nb6 Qa6 20. Be3 Bb4+ 21. axb4
Qxa1+ 22. Kf2 Nc6 23. Qd2 Nxe5 24. Qd6 Qxb2+ 25. Kg1 Nc6 26. Qf8+ Kc7 27. Qc8+
Kd6 28. Bc5+ Ke5 29. Nxd7+ Bxd7 30. Qxd7 Nf6 31. Qxc6 c3 32. Qd6+ Kf5 33. Bd3+
Kg5 34. Be3+ 1-0

[Event "73rd Tata Steel GMC"]
[Site "Wijk aan Zee NED"]
[Date "2011.01.22"]
[Round "7"]
[White "Lahno, Kateryna"]
[Black "Bok, Benjamin"]
[Result "1-0"]
[WhiteTitle "GM"]
[BlackTitle "IM"]
[WhiteElo "2518"]
[BlackElo "2453"]
[WhiteFideId "14109336"]
[BlackFideId "1017063"]
[EventDate "2011.01.14"]

1. e4 e5 2. Nf3 Nc6 3. Bb5 Nf6 4. O-O Nxe4 5. d4 Nd6 6. Bxc6 dxc6 7. dxe5 Nf5 8.
Qxd8+ Kxd8 9. Nc3 Bd7 10. h3 b6 11. b3 Kc8 12. Bb2 Be7 13. Rad1 a5 14. a4 h5 15.
Ne4 c5 16. c4 Bc6 17. Nfg5 Kb7 18. Rfe1 Rhf8 19. e6 f6 20. Nf7 Rae8 21. Rd3 Nd4
22. Ng3 Nxe6 23. Rxe6 Rxf7 24. Nxh5 Bd6 25. Rxe8 Bxe8 26. Re3 Bc6 27. f3 Bd7 28.
g4 Be7 29. h4 Bd6 30. Kf2 Kc8 31. Bc3 Bc6 32. Ng3 Bf4 33. Rd3 Rd7 34. Rxd7 Bxg3+
35. Kxg3 Kxd7 36. h5 Ke7 37. g5 fxg5 38. Kg4 Kf7 39. Be5 Bd7+ 40. Kxg5 c6 41.
Bc7 b5 42. Bxa5 bxa4 43. bxa4 Be6 44. Bb6 Bxc4 45. Bxc5 Ke8 46. a5 Kf7 47. Kf5
Bb5 48. f4 Be2 49. Kg5 Bd3 50. Bd4 Be2 51. f5 c5 52. Bxc5 Bf1 53. Bd4 Bd3 54.
Bc3 Be2 55. f6 gxf6+ 56. Bxf6 Bd3 57. h6 Ke6 58. a6 1-0

[Event "73rd Tata Steel GMC"]
[Site "Wijk aan Zee NED"]
[Date "2011.01.22"]
[Round "7"]
[White "Kazhgaleyev, Murtas"]
[Black "Tania, Sachdev"]
[Result "1-0"]
[WhiteTitle "GM"]
[BlackTitle "IM"]
[WhiteElo "2637"]
[BlackElo "2391"]
[WhiteFideId "13700316"]
[BlackFideId "5007844"]
[EventDate "2011.01.14"]

1. d4 d5 2. c4 e6 3. Nc3 Be7 4. Bf4 Nf6 5. e3 O-O 6. Nf3 c5 7. dxc5 Bxc5 8. cxd5
Nxd5 9. Nxd5 exd5 10. a3 Nc6 11. Bd3 Bb6 12. O-O Qf6 13. b4 h6 14. Bc2 Bf5 15.
Bxf5 Qxf5 16. b5 Na5 17. Be5 Rac8 18. Bd4 Rc7 19. Bxb6 axb6 20. Nd4 Qe4 21. h3
Nc4 22. Ra2 Rfc8 23. Qe2 Nd6 24. Rd1 Rc1 25. Ra1 R1c5 26. a4 Nf5 27. Nxf5 Qxf5
28. Ra2 Ra8 29. Rd4 Qb1+ 30. Kh2 Rxb5 31. Rad2 Rba5 32. Qg4 Qc1 33. Rxd5 Qc7+
34. g3 Rxa4 35. Qf3 Rf8 36. Rd7 Qc6 37. Kg2 Ra1 38. R2d5 Ra5 39. R5d6 Qxf3+ 40.
Kxf3 Rf5+ 41. Kg2 Rc8 42. g4 Rf6 43. Rd2 Rc5 44. Rxb7 h5 45. f4 hxg4 46. hxg4
Rc3 47. Kf3 g5 48. f5 Rh6 49. Ke4 Rh3 50. Ke5 Kg7 51. e4 Rc5+ 52. Rd5 Rh6 53.
Rxc5 bxc5 54. Kd5 Rh4 55. e5 Kg8 56. Rb8+ Kg7 57. f6+ Kh7 58. Rf8 Rxg4 59. Rxf7+
Kg8 60. Rg7+ Kf8 61. e6 1-0

[Event "73rd Tata Steel GMC"]
[Site "Wijk aan Zee NED"]
[Date "2011.01.22"]
[Round "7"]
[White "De Jong, Jan-Willem"]
[Black "Bluvshtein, Mark"]
[Result "0-1"]
[WhiteTitle "IM"]
[BlackTitle "GM"]
[WhiteElo "2437"]
[BlackElo "2590"]
[WhiteFideId "1008641"]
[BlackFideId "2603608"]
[EventDate "2011.01.14"]

1. d4 Nf6 2. c4 e6 3. Nc3 Bb4 4. Qc2 O-O 5. Nf3 d5 6. a3 Be7 7. Bg5 h6 8. Bh4 b6
9. e3 Bb7 10. cxd5 exd5 11. Be2 Nbd7 12. O-O Ne4 13. Bxe7 Qxe7 14. Rac1 f5 15.
Nxe4 fxe4 16. Ne5 Nxe5 17. Qxc7 Qxc7 18. Rxc7 Rf7 19. Rxb7 Rxb7 20. dxe5 Re8 21.
f4 exf3 22. Bxf3 Rxe5 23. Rd1 Rd7 24. Kf2 Kf7 25. Rd4 Ke7 26. Ke2 h5 27. Kd2 Ke6
28. h3 g6 29. b3 Re7 30. Rd3 Rc7 31. Rd4 a5 32. Rd3 Rc5 33. Rd4 Kf6 34. Rd3 Re7
35. Bxd5 Rec7 36. Rd4 Rc2+ 37. Kd3 R7c3+ 38. Ke4 Rxg2 39. Bc4 Rg3 40. Rd6+ Kg7
41. Rxb6 Rcxe3+ 42. Kd4 Rxh3 43. a4 h4 44. b4 axb4 45. a5 Ra3 46. a6 b3 47. Bd3
Rg3 48. Rb7+ Kh6 49. a7 Ra4+ 50. Kc3 b2 0-1